| 000 | 00407nam a22001697a 4500 | ||
|---|---|---|---|
| 003 | OSt | ||
| 008 | 250211b |||||||| |||| 00| 0 eng d | ||
| 041 | _aeng | ||
| 082 |
_a604.2 _bJOH/EN |
||
| 100 |
_aJohn, KC _97118 |
||
| 245 | _aEngineering Graphics Parts 1 & 11 | ||
| 250 | _a8th | ||
| 260 |
_aThrissur: _bJet Publications, _c1996. |
||
| 300 | _a94U38. | ||
| 700 |
_aVarghese, PI _96522 |
||
| 942 | _cBK | ||
| 999 |
_c19354 _d19354 |
||